Science Quiz

Random Science or Chemistry Quiz

Electrolytes: strong or weak? Quiz Stats

 Plays Quiz not verified by Sporcle

Support Sporcle.
Go Orange.
Score 0/20 Timer 04:00
0 Plays Today
formula strong/weak % Correct
HClstrong
91.7%
LiOHstrong
91.7%
HIstrong
91.6%
HBrstrong
91.4%
KOHstrong
91.3%
Ba(OH)2strong
91.2%
HNO3strong
91.2%
H2Sweak
91.1%
NH3weak
91%
HClO4strong
91%
formula strong/weak % Correct
RbOHstrong
91%
H2O weak
90.8%
HCNweak
90.7%
HFweak
90.7%
HC2H3O2weak
90.6%
C5H5Nweak
90.6%
HCOOHweak
90.6%
H3PO4weak
90.5%
H2CO3weak
90.5%
HgCl2strong
89.4%

You're not logged in!

Compare scores with friends on all Sporcle quizzes.
OR
Log In

From the Vault

Classic Films by Bad Review

by tonyt88

If you can't say something nice, you'll go far as a critic.
Remove Ads.
Support Sporcle.
Get the best of Sporcle when you Go Orange. This ad-free experience offers more features, more stats, and more fun while also helping to support Sporcle. Thank you for becoming a member.

Show Comments

Extras

Created Mar 26, 2012ReportNominate
Tags:Chemistry Quiz

Top Quizzes Today


Score Distribution

Your Account Isn't Verified!

In order to create a playlist on Sporcle, you need to verify the email address you used during registration. Go to your Sporcle Settings to finish the process.

Report this User

Report this user for behavior that violates our Community Guidelines.

Details: